Etiqueta de registo: 00254nam 2200025 450
001 2240223
003 http://id.bnportugal.gov.pt/bib/catbnp/2240223
010 ## $a9789895858811
021 ## $aPT$b549538/25
100 ## $a20251222d2025 c y0pory01030103ba
101 0# $apor
102 ## $aPT
105 ## $aa z 000yy
106 ## $ar
200 1# $a A história da Lagarta Filomena que via em tudo um problema!$fRaquel Briosa$gil. Camila Rita da Cruz Almeida
205 ## $a1ª ed
210 #9 $aCarnaxide$cMeia Longa,$d2025
215 ## $a35, [5] p.$cil.$d21 cm
675 ## $a087.5$vBN$zpor$3287999
675 ## $a821.134.3-93"20"$vBN$zpor$31046482
700 #1 $aBriosa,$bRaquel$31974864
701 #1 $aAlmeida,$bCamila Rita da Cruz $4440$31974865
801 #0 $aPT$bBN$gRP
856 41 $uhttp://rnod.bnportugal.gov.pt/ImagesBN/winlibimg.aspx?skey=&doc=2240223&img=217696&save=true
900 ## $aBIBNAC$d20260123
966 ## $lBN$mFGMON$sP. 71766 V.$x1
971 ## $cjbeatriz$d20251229
972 ## $e0$z0$d20260123$vasantos
973 ## $csteixeira$d20260109
Etiqueta de registo: 00254nam 2200025 450
001 2285292
003 http://id.bnportugal.gov.pt/bib/catbnp/2285292
010 ## $a9789897904066
021 ## $aPT$b559838/26
100 ## $a20260427d2026 c y0pory01030103ba
101 0# $apor
102 ## $aPT
105 ## $aa z 000fy
106 ## $ar
200 1# $a A girafa gozona$fAna Isabel Ly$gil. Camila Rita da Cruz Almeida
205 ## $a1ª ed
210 #9 $aCarnaxide$cMeia Longa,$d2026
215 ## $a37, [3] p.$cil.$d21 cm
700 #1 $aLy,$bAna Isabel,$f1988-$31932920
701 #1 $aAlmeida,$bCamila Rita da Cruz $4440$31974865
801 #0 $aPT$bBN$gRPC
966 ## $lBN$mFGMON$x1
971 ## $cisantos$d20260427